000 00220nam a22001097a 4500
082 _a629.225SCH
100 _aSchulz
245 _aDiesel equipment
260 _aLondon
_bMcGraw Hill
_c1988
300 _a224
942 _cBK
999 _c14656
_d14656